000 00616 a2200205 4500
010 _aENG-89138
020 _a8124109060
_c160.00
035 _aEN-72671
037 _bDBAD / PUB
082 _a320.954
090 _c11242
_d11242
100 _aAwasthy,S.S.
245 _aIndian Government and politics/
_cby S S Awasthy
250 _a2nd rev. ed
260 _aNew Delhi
_bHar-Anand Publications
_c2008(repr)
300 _a520p.
_c22m (pbk)
500 _aIncludes index
942 _adpl
_cEN
_k320.954/AWA
999 _c10936
_d10936